000 005170000a22001930004500
999 _c48569
_d48569
001 1408
003 CO-MdFUSB
005 20170816154156.0
008 170816b xxu||||| |||| 00| 0 eng d
020 _a978-958-30-0288-5
040 _cCO-MdBIC
082 0 4 _a863C C231c
100 1 _aCarrasquilla, Tomás
245 1 0 _aCuentos / Tomás Carrasquilla ; ilustrado por Henry González
260 _aSantafé de Bogotá : Panamericana Editorial
300 _a360 P.
650 1 4 _aCUENTOS COLOMBIANOS
942 _cLGB